[Event "GER-ch U16 Girls"]
[Site "Willingen"]
[Date "2020.10.20"]
[Round "1"]
[White "Schwegler, Jelena"]
[Black "Doll, Rebecca"]
[Result "0-1"]
[WhiteElo "1539"]
[BlackElo "1808"]
[PlyCount "106"]
[EventDate "2020.10.19"]
[EventType "swiss"]
[EventRounds "7"]
[EventCountry "GER"]
[SourceTitle "EXT 2022"]
[Source "ChessBase"]
[SourceDate "2021.10.06"]
[SourceVersion "1"]
[SourceVersionDate "2021.10.06"]
[SourceQuality "1"]

1. e4 e5 2. Nf3 Nc6 3. d4 exd4 4. Nxd4 Nf6 5. Nxc6 bxc6 6. Qe2 Rb8 7. e5 Nd5 8. c4 Bb4+ 9. Bd2 Ba6 10. Qg4 Bxd2+ 11. Nxd2 Ne7 12. b3 Ng6 13. Be2 Qe7 14. 0-0 0-0 15. f4 Bc8 16. Qf3 Bb7 17. Bd3 Rfe8 18. Ne4 c5 19. Qg3 Bxe4 20. Bxe4 d6 21. Bc6 Red8 22. exd6 Qxd6 23. Qf3 Ne7 24. Be4 f5 25. Bc2 Qd4+ 26. Kh1 Rd6 27. Rfe1 Rbd8 28. h3 Qb2 29. Rad1 Qf6 30. Rxd6 cxd6 31. Qb7 Ng6 32. Qd5+ Qf7 33. Qxf5 Qxf5 34. Bxf5 Nxf4 35. Kh2 g6 36. Be4 Kg7 37. Bc6 Rf8 38. Re7+ Rf7 39. Rxf7+ Kxf7 40. Kg3 Nd3 41. a3 Kf6 42. Be4 Nc1 43. b4 Ke5 44. Bd5 h6 45. Bf7 Kf5 46. Kf3 cxb4 47. axb4 Nd3 48. b5 Ne5+ 49. Ke3 Nxf7 50. Kd4 Ke6 51. c5 dxc5+ 52. Kxc5 Ne5 53. b6 Nd7+ 0-1

[Event "Heusenstamm Sparkassen op-A 6th"]
[Site "Heusenstamm"]
[Date "2019.11.23"]
[Round "5"]
[White "Schwegler, Jelena"]
[Black "Marchese, Gaspare"]
[Result "1-0"]
[WhiteElo "1513"]
[BlackElo "1851"]
[PlyCount "127"]
[EventDate "2019.11.21"]
[EventType "swiss"]
[EventRounds "7"]
[EventCountry "GER"]
[SourceTitle "CBM 194 Extra"]
[Source "ChessBase"]
[SourceDate "2020.03.31"]
[SourceVersion "1"]
[SourceVersionDate "2020.03.31"]
[SourceQuality "1"]

1. e4 e6 2. d4 d5 3. Nc3 Nf6 4. e5 Nfd7 5. f4 c5 6. Nf3 Nc6 7. Be2 a6 8. a4 b6 9. 0-0 cxd4 10. Na2 Bc5 11. Kh1 0-0 12. Rb1 f6 13. b4 Be7 14. Nxd4 Nxd4 15. Qxd4 fxe5 16. fxe5 Rxf1+ 17. Bxf1 Qc7 18. Qg4 Nxe5 19. Qh5 Ng6 20. Bd3 Qe5 21. Qxe5 Nxe5 22. Be2 Bd7 23. a5 b5 24. Bf4 Bf6 25. Nc1 Rc8 26. Bd1 Rc4 27. Bd2 Ng4 28. Nd3 Ne5 29. Nc5 Bc8 30. g3 d4 31. Rc1 Be7 32. Be2 Rxc5 33. bxc5 Bxc5 34. Kg2 Bb7+ 35. Kh3 Kf7 36. Re1 Nd7 37. Bg4 Bd5 38. Rf1+ Nf6 39. Bf3 Bxf3 40. Rxf3 Ke7 41. Bf4 Ne4 42. Kg2 Bb4 43. Bc7 Nd2 44. Rd3 Bc3 45. Be5 Bxa5 46. Bxg7 Nc4 47. Bxd4 e5 48. Bc5+ Ke6 49. g4 Bc7 50. Rh3 e4 51. Rxh7 Be5 52. g5 Kd5 53. Bf2 e3 54. Be1 Ke6 55. g6 Kf6 56. Ra7 Kxg6 57. Rxa6+ Kf5 58. h3 Bd4 59. Ra8 Ke4 60. Re8+ Ne5 61. Rb8 Nf3 62. Re8+ Be5 63. Bg3 e2 64. Bxe5 1-0

[Event "Heusenstamm Sparkassen op-A 6th"]
[Site "Heusenstamm"]
[Date "2019.11.22"]
[Round "2"]
[White "Schmitt, Carsten1111"]
[Black "Schwegler, Jelena"]
[Result "1-0"]
[WhiteElo "1901"]
[BlackElo "1513"]
[PlyCount "45"]
[EventDate "2019.11.21"]
[EventType "swiss"]
[EventRounds "7"]
[EventCountry "GER"]
[SourceTitle "CBM 194 Extra"]
[Source "ChessBase"]
[SourceDate "2020.03.31"]
[SourceVersion "1"]
[SourceVersionDate "2020.03.31"]
[SourceQuality "1"]

1. c4 c5 2. g3 Nf6 3. Bg2 g6 4. Nc3 Bg7 5. e4 Nc6 6. Nge2 b6 7. h3 0-0 8. e5 Ne8 9. f4 f6 10. d4 cxd4 11. Nxd4 Bb7 12. e6 Rc8 13. exd7 Qxd7 14. Bd5+ Kh8 15. Ne6 Rg8 16. h4 Nb4 17. h5 Nxd5 18. cxd5 Bh6 19. hxg6 Rxg6 20. f5 Rxg3 21. Bxh6 Nc7 22. Bf4 Rg2 23. Qh5 1-0

[Event "GER-chT Federal Cup (Women)"]
[Site "Braunfels"]
[Date "2019.06.22"]
[Round "4.44"]
[White "Barpiyeva, Gulsana"]
[Black "Schwegler, Jelena"]
[Result "1-0"]
[WhiteElo "2018"]
[BlackElo "1511"]
[PlyCount "51"]
[EventDate "2019.06.20"]
[EventType "team-swiss"]
[EventRounds "5"]
[EventCountry "GER"]
[SourceTitle "CBM 191 Extra"]
[Source "ChessBase"]
[SourceDate "2019.09.30"]
[SourceVersion "1"]
[SourceVersionDate "2019.09.30"]
[SourceQuality "1"]

1. d4 Nf6 2. c4 g6 3. Nc3 Bg7 4. e4 d6 5. f3 0-0 6. Be3 Nbd7 7. Nh3 c5 8. d5 Ne5 9. Nf2 e6 10. Be2 Qe7 11. Qd2 exd5 12. cxd5 a6 13. a4 Nh5 14. f4 Nd7 15. g4 Nhf6 16. h4 b6 17. 0-0-0 Bb7 18. h5 b5 19. g5 Ne8 20. hxg6 fxg6 21. Bg4 b4 22. Be6+ Rf7 23. Nb1 Nc7 24. Bxf7+ Qxf7 25. Ng4 Kh8 26. Qh2 1-0

[Event "GER-chT U14 Girls"]
[Site "Neumuenster"]
[Date "2018.12.30"]
[Round "7.1"]
[White "Schwegler, Jelena"]
[Black "Becker, Linda"]
[Result "1-0"]
[WhiteElo "1473"]
[BlackElo "1436"]
[PlyCount "103"]
[EventDate "2018.12.27"]
[EventType "team-swiss"]
[EventRounds "7"]
[EventCountry "GER"]
[SourceTitle "CBM 188 Extra"]
[Source "ChessBase"]
[SourceDate "2019.02.26"]
[SourceVersion "1"]
[SourceVersionDate "2019.02.26"]
[SourceQuality "1"]
[WhiteTeam "Bad Homburg"]
[BlackTeam "Porz SG"]
[WhiteTeamCountry "GER"]
[BlackTeamCountry "GER"]

1. e4 e6 2. d4 d5 3. Nc3 Bb4 4. e5 c5 5. a3 Bxc3+ 6. bxc3 Nc6 7. Qg4 g6 8. Nf3 Qc7 9. Bd3 h5 10. Qh4 Bd7 11. g4 cxd4 12. cxd4 Nxd4 13. Nxd4 Qc3+ 14. Ke2 Qxa1 15. g5 Qc3 16. Kd1 Ne7 17. Re1 a6 18. Re3 Qc7 19. Qf4 Rf8 20. Qf6 Ng8 21. Qf4 0-0-0 22. Rf3 Ne7 23. Qf6 Nc6 24. Nxc6 Bxc6 25. Bxg6 fxg6 26. Qxf8 Rxf8 27. Rxf8+ Qd8 28. Rxd8+ Kxd8 29. Be3 Kd7 30. Kd2 Ba4 31. c3 Kc6 32. Kd3 Kb5 33. Kd4 Ka5 34. Kc5 Bb3 35. Kd6 Kb5 36. Bd4 Ka4 37. Kxe6 Kxa3 38. Kf7 Ba4 39. e6 Kb3 40. e7 a5 41. Bb6 Kxc3 42. Bxa5+ Kc2 43. e8Q Bxe8+ 44. Kxe8 d4 45. Kf7 d3 46. Kxg6 d2 47. Bxd2 Kxd2 48. Kxh5 b5 49. g6 b4 50. g7 b3 51. g8Q b2 52. Qb3 1-0

[Event "GER-chT U14 Girls"]
[Site "Neumuenster"]
[Date "2018.12.28"]
[Round "4.1"]
[White "Petrosyan, Ani"]
[Black "Schwegler, Jelena"]
[Result "0-1"]
[WhiteElo "1345"]
[BlackElo "1473"]
[PlyCount "52"]
[EventDate "2018.12.27"]
[EventType "team-swiss"]
[EventRounds "7"]
[EventCountry "GER"]
[SourceTitle "CBM 188 Extra"]
[Source "ChessBase"]
[SourceDate "2019.02.26"]
[SourceVersion "1"]
[SourceVersionDate "2019.02.26"]
[SourceQuality "1"]
[WhiteTeam "Harksheide"]
[BlackTeam "Bad Homburg"]
[WhiteTeamCountry "GER"]
[BlackTeamCountry "GER"]

1. c4 e5 2. e3 Nc6 3. Nc3 Bc5 4. Nf3 f5 5. Nxe5 Nxe5 6. d4 Bd6 7. dxe5 Bxe5 8. Qc2 d6 9. Bd3 Qg5 10. 0-0 Qh5 11. f4 Bxc3 12. Qxc3 Nf6 13. b3 0-0 14. Rf3 b6 15. Bb2 Qh6 16. Rg3 Rf7 17. Qc2 Bd7 18. Rf1 Re8 19. Bxf6 Qxf6 20. Be2 Rfe7 21. Kf2 Qh4 22. Rd1 Rxe3 23. Bf3 Qxf4 24. Kg1 Re1+ 25. Rxe1 Rxe1+ 26. Kf2 Qe3# 0-1

[Event "Heusenstamm Sparkassen op-B 5th"]
[Site "Heusenstamm"]
[Date "2018.11.24"]
[Round "5"]
[White "Schwegler, Jelena"]
[Black "Wiese, Frank1111"]
[Result "1-0"]
[WhiteElo "1496"]
[BlackElo "1345"]
[PlyCount "97"]
[EventDate "2018.11.22"]
[EventType "swiss"]
[EventRounds "7"]
[EventCountry "GER"]
[SourceTitle "CBM 187 Extra"]
[Source "ChessBase"]
[SourceDate "2018.11.04"]
[SourceVersion "1"]
[SourceVersionDate "2018.11.04"]
[SourceQuality "1"]

1. e4 e5 2. Nf3 Nc6 3. d4 exd4 4. Nxd4 Nf6 5. Nxc6 bxc6 6. e5 Qe7 7. Qe2 Nd5 8. c4 Ba6 9. b3 g6 10. g3 Bg7 11. Bb2 d6 12. f4 Nb6 13. Bg2 Bb7 14. 0-0 dxe5 15. fxe5 Qc5+ 16. Kh1 0-0 17. Nd2 Rfe8 18. Qf3 Qe7 19. Ne4 Nd7 20. Nf6+ Bxf6 21. exf6 Qc5 22. Qf4 Ne5 23. Rad1 Re6 24. Bd4 Qd6 25. c5 Nd3 26. Rxd3 Qxf4 27. Rxf4 Re1+ 28. Rf1 Rae8 29. Rd1 Rxf1+ 30. Rxf1 Re2 31. a3 h5 32. h4 Kf8 33. Rd1 Ke8 34. Bc3 Re6 35. Re1 Rxe1+ 36. Bxe1 Kd7 37. Bh3+ Ke8 38. Ba5 Kd8 39. Kg2 Ba6 40. Kf3 Bd3 41. Bc3 Bc2 42. b4 Bb3 43. Ke3 Bc4 44. Be5 Bb3 45. Kd4 Bd5 46. Bf1 Kd7 47. Bc4 Ke6 48. Bxd5+ cxd5 49. c6 1-0

[Event "Heusenstamm Sparkassen op-B 5th"]
[Site "Heusenstamm"]
[Date "2018.11.22"]
[Round "1"]
[White "Schwegler, Jelena"]
[Black "Werner, Florin"]
[Result "1-0"]
[WhiteElo "1496"]
[BlackElo "1234"]
[PlyCount "67"]
[EventDate "2018.11.22"]
[EventType "swiss"]
[EventRounds "7"]
[EventCountry "GER"]
[SourceTitle "CBM 187 Extra"]
[Source "ChessBase"]
[SourceDate "2018.11.04"]
[SourceVersion "1"]
[SourceVersionDate "2018.11.04"]
[SourceQuality "1"]

1. e4 e6 2. d4 d5 3. Nc3 Nf6 4. Bg5 h6 5. Bxf6 Qxf6 6. e5 Qd8 7. Bd3 Bd7 8. Nge2 c5 9. dxc5 Bxc5 10. g3 Nc6 11. f4 Qb6 12. Rf1 Nd4 13. Qd2 Nxe2 14. Bxe2 Rc8 15. a3 h5 16. Qd3 h4 17. g4 Bd4 18. Nb5 Bxb2 19. Rb1 Bc3+ 20. Kd1 0-0 21. Nxc3 Rxc3 22. Rxb6 Rxd3+ 23. Bxd3 axb6 24. Kd2 Ra8 25. Rb1 Rxa3 26. Rxb6 Bc6 27. Ke3 Ra1 28. Kf2 d4 29. Rb4 Rh1 30. h3 Rxh3 31. Rxd4 Rf3+ 32. Ke2 h3 33. Rd8+ Be8 34. Rxe8# 1-0

[Event "GER-ch U14 Girls"]
[Site "Willingen"]
[Date "2018.05.24"]
[Round "7"]
[White "Schwegler, Jelena"]
[Black "Kalina, Lena"]
[Result "1-0"]
[WhiteElo "1530"]
[BlackElo "1693"]
[PlyCount "163"]
[EventDate "2018.05.19"]
[EventType "swiss"]
[EventRounds "9"]
[EventCountry "GER"]
[SourceTitle "CBM 184 Extra"]
[Source "ChessBase"]
[SourceDate "2018.06.28"]
[SourceVersion "1"]
[SourceVersionDate "2018.06.28"]
[SourceQuality "1"]

1. e4 c5 2. Nc3 Nc6 3. Bb5 g6 4. Bxc6 dxc6 5. f4 Bg7 6. Nf3 Nf6 7. 0-0 Nd7 8. d3 Nf8 9. Bd2 Ne6 10. Qe1 Nd4 11. Nxd4 cxd4 12. Ne2 c5 13. f5 Qc7 14. Qh4 Qe5 15. Rae1 0-0 16. Bf4 Qf6 17. Bg5 Qc6 18. Bxe7 Re8 19. f6 Bh8 20. Ng3 Qd7 21. Bxc5 b6 22. Be7 Qg4 23. Qh6 Qe6 24. Rf4 Rxe7 25. fxe7 Qxe7 26. Ref1 Bg7 27. Qh4 Qxh4 28. Rxh4 g5 29. Rh5 h6 30. Nf5 Bxf5 31. exf5 Re8 32. f6 Bf8 33. Rh3 Re2 34. Rc1 Kh7 35. Kf1 Re6 36. Rf3 Kg6 37. Re1 Rxf6 38. Rxf6+ Kxf6 39. Re4 Bc5 40. Ke2 Kg6 41. Kf3 h5 42. h3 h4 43. Re5 f5 44. c3 Kf6 45. cxd4 Bxd4 46. Rb5 Ke6 47. Rb4 Kd5 48. b3 Bc5 49. Rc4 b5 50. Rc1 Kd4 51. Ke2 a5 52. a4 b4 53. Rc4+ Kd5 54. Kd2 Bd4 55. Rc8 Be5 56. Ra8 Bc7 57. Rc8 Bf4+ 58. Ke2 Kd4 59. Rc4+ Kd5 60. Kf3 Be5 61. Ke3 Bf4+ 62. Ke2 Be5 63. Kf3 Bd4 64. Rc8 Be5 65. Rd8+ Bd6 66. d4 Kxd4 67. Rxd6+ Kc3 68. Rd5 Kxb3 69. Rxa5 Ka3 70. Rxf5 Kxa4 71. Kg4 b3 72. Rf1 b2 73. Kxg5 Ka3 74. Kxh4 Ka2 75. Rf2 Ka1 76. Rxb2 Kxb2 77. Kg5 Kc3 78. h4 Kd4 79. h5 Ke5 80. Kg6 Ke6 81. h6 Ke7 82. h7 1-0

[Event "GER-ch U14 Girls"]
[Site "Willingen"]
[Date "2018.05.23"]
[Round "6"]
[White "Mellugja, Ornela"]
[Black "Schwegler, Jelena"]
[Result "0-1"]
[WhiteElo "747"]
[BlackElo "1530"]
[PlyCount "56"]
[EventDate "2018.05.19"]
[EventType "swiss"]
[EventRounds "9"]
[EventCountry "GER"]
[SourceTitle "CBM 184 Extra"]
[Source "ChessBase"]
[SourceDate "2018.06.28"]
[SourceVersion "1"]
[SourceVersionDate "2018.06.28"]
[SourceQuality "1"]

1. e4 e5 2. Nf3 Nc6 3. Bc4 Bc5 4. Ng5 Qxg5 5. Qf3 Qf6 6. Qxf6 Nxf6 7. d3 d6 8. 0-0 Be6 9. Bxe6 fxe6 10. h3 0-0-0 11. c3 d5 12. b4 Bb6 13. Nd2 Rhf8 14. c4 Nxb4 15. Ba3 c5 16. Nf3 Nxd3 17. exd5 exd5 18. cxd5 Rxd5 19. Bb2 Nxb2 20. Nxe5 Rxe5 21. Rab1 Re2 22. Rfe1 Rfe8 23. Rxb2 Rxe1+ 24. Kh2 R8e2 25. Rb3 Rxf2 26. Rg3 Bc7 27. a4 Ne4 28. a5 Bxg3# 0-1

[Event "Bad Soden U14 op"]
[Site "Bad Soden"]
[Date "2017.10.03"]
[Round "9"]
[White "Gertel, Josef"]
[Black "Schwegler, Jelena"]
[Result "0-1"]
[WhiteElo "1253"]
[BlackElo "1462"]
[PlyCount "68"]
[EventDate "2017.09.30"]
[EventType "swiss"]
[EventRounds "9"]
[EventCountry "GER"]
[SourceTitle "EXT 2019"]
[Source "ChessBase"]
[SourceDate "2018.10.10"]
[SourceVersion "1"]
[SourceVersionDate "2018.10.10"]
[SourceQuality "1"]

1. e4 e5 2. Nf3 Nc6 3. Bc4 Bc5 4. h3 Nf6 5. d3 h6 6. c3 d6 7. Bb3 Be6 8. Bc2 0-0 9. Nbd2 Ne7 10. Nf1 Ng6 11. Ng3 d5 12. 0-0 dxe4 13. Nxe4 Nxe4 14. dxe4 Qf6 15. Qd3 Nh4 16. Nxh4 Qxh4 17. Qf3 Rad8 18. Be3 Bxe3 19. fxe3 Rd2 20. Rf2 Rfd8 21. Bb3 Bxb3 22. axb3 Rxf2 23. Qxf2 Qxf2+ 24. Kxf2 Rd2+ 25. Kf3 Rxb2 26. Rxa7 Rxb3 27. h4 f6 28. g3 Kf7 29. c4 h5 30. c5 Rc3 31. Rxb7 Rxc5 32. g4 Kg6 33. gxh5+ Kxh5 34. Kg3 Rc1 0-1

[Event "Bad Soden U14 op"]
[Site "Bad Soden"]
[Date "2017.10.02"]
[Round "6"]
[White "Schwegler, Jelena"]
[Black "Boder, Jan"]
[Result "0-1"]
[WhiteElo "1462"]
[BlackElo "1772"]
[PlyCount "186"]
[EventDate "2017.09.30"]
[EventType "swiss"]
[EventRounds "9"]
[EventCountry "GER"]
[SourceTitle "EXT 2019"]
[Source "ChessBase"]
[SourceDate "2018.10.10"]
[SourceVersion "1"]
[SourceVersionDate "2018.10.10"]
[SourceQuality "1"]

1. e4 c5 2. d4 cxd4 3. c3 Nf6 4. e5 Nd5 5. cxd4 d6 6. Bc4 Nb6 7. Bb3 Nc6 8. Nf3 Bf5 9. 0-0 e6 10. Qe2 d5 11. a3 Be7 12. Nc3 0-0 13. Be3 Na5 14. Qb5 Nxb3 15. Qxb3 Qd7 16. Bg5 Bxg5 17. Nxg5 Nc4 18. Qa2 Rac8 19. Rac1 Qd8 20. Nf3 Qa5 21. h3 Rc7 22. Nh4 Bg6 23. Nxg6 fxg6 24. Rc2 Rfc8 25. Rfc1 b6 26. a4 a6 27. Ne2 b5 28. b3 Nxe5 29. dxe5 Rxc2 30. Rxc2 Rxc2 31. Qxc2 Qe1+ 32. Kh2 Qxf2 33. Qc8+ Kf7 34. Qd7+ Kf8 35. Ng3 bxa4 36. Qxa4 Qb6 37. Qa3+ Kf7 38. Qa4 h6 39. Qf4+ Kg8 40. Qf3 Qb8 41. Ne2 Qxe5+ 42. Kh1 Qf5 43. Qe3 e5 44. Ng3 Qf6 45. Qd3 Qe6 46. Nf1 Qc6 47. Ne3 Qc1+ 48. Kh2 d4 49. Ng4 Qc6 50. Nxe5 Qd6 51. Kh1 Qxe5 52. Qxa6 Qe1+ 53. Kh2 Qb1 54. Qc4+ Kh7 55. Qxd4 Qxb3 56. Qd8 Qb2 57. Qd5 Qb8+ 58. Kh1 Qg3 59. Qd1 h5 60. Qe2 h4 61. Qd1 Kh6 62. Qc1+ g5 63. Qc6+ g6 64. Qd7 Qf4 65. Qd1 g4 66. hxg4 Kg5 67. Qd5+ Kxg4 68. Qe6+ Qf5 69. Qc4+ Kh5 70. Qe2+ Qg4 71. Qe5+ Qg5 72. Qh8+ Qh6 73. Qe5+ g5 74. Qe8+ Qg6 75. Qe2+ Kh6 76. Qg4 Qb1+ 77. Kh2 Qb8+ 78. Kh1 Qf4 79. Qe6+ Kh5 80. Qe2+ g4 81. Qb5+ Kg6 82. Qc6+ Kg5 83. Qb5+ Qf5 84. Qxf5+ Kxf5 85. Kh2 Kg5 86. g3 h3 87. Kg1 Kf5 88. Kf2 Ke4 89. Kg1 Kf3 90. Kh1 Kxg3 91. Kg1 h2+ 92. Kh1 Kf2 93. Kxh2 g3+ 0-1

[Event "Heusenstamm Sparkassen op U14 3rd"]
[Site "Heusenstamm"]
[Date "2016.11.27"]
[Round "4"]
[White "Schwegler, Jelena"]
[Black "Irrgang, Natascha"]
[Result "1-0"]
[WhiteElo "1048"]
[BlackElo "932"]
[PlyCount "89"]
[EventDate "2016.11.27"]
[EventType "swiss"]
[EventRounds "5"]
[EventCountry "GER"]
[SourceTitle "EXT 2018"]
[Source "ChessBase"]
[SourceDate "2017.10.13"]
[SourceVersion "1"]
[SourceVersionDate "2017.10.13"]
[SourceQuality "1"]

1. e4 e5 2. Nf3 Nc6 3. d4 exd4 4. Bc4 Nf6 5. 0-0 Nxe4 6. Re1 d5 7. Bb5 Bd7 8. Ng5 Be7 9. Nxe4 dxe4 10. Rxe4 0-0 11. Bxc6 Bxc6 12. Rxd4 Bd6 13. Qg4 Qf6 14. Rd3 Bc5 15. Qg3 Rfe8 16. Rd1 Rad8 17. Rf1 Bb5 18. Bg5 Qxf2+ 19. Qxf2 Bxf2+ 20. Kxf2 Rd5 21. Nc3 Rxg5 22. Nxb5 Rxb5 23. Rae1 Rd8 24. b3 Rd2+ 25. Kg1 h6 26. Re8+ Kh7 27. Rxf7 Rg5 28. Rf2 Rd1+ 29. Rf1 Rd4 30. Re7 Rdg4 31. g3 Rc5 32. Rf2 Rd4 33. Kg2 a5 34. Rff7 Rxc2+ 35. Kh3 Kg6 36. Rxg7+ Kf6 37. Rgf7+ Kg6 38. Rxc7 Rxa2 39. Rxb7 Rdd2 40. Rfd7 Rxh2+ 41. Kg4 h5+ 42. Kf4 Rhf2+ 43. Ke5 a4 44. Rb6+ Kg5 45. Rg7# 1-0

[Event "GER-ch U12 Girls"]
[Site "Willingen"]
[Date "2016.05.19"]
[Round "8"]
[White "Schwegler, Jelena"]
[Black "Diederich, Greta"]
[Result "0-1"]
[WhiteElo "912"]
[BlackElo "1215"]
[PlyCount "40"]
[EventDate "2016.05.15"]
[EventType "swiss"]
[EventRounds "11"]
[EventCountry "GER"]
[SourceTitle "CBM 172 Extra"]
[Source "ChessBase"]
[SourceDate "2016.06.21"]
[SourceVersion "1"]
[SourceVersionDate "2016.06.21"]
[SourceQuality "1"]

1. e4 c5 2. d4 cxd4 3. c3 dxc3 4. Nxc3 Nc6 5. Nf3 e6 6. Bc4 Qc7 7. Nb5 Qb8 8. 0-0 Nf6 9. Qe2 Ng4 10. g3 a6 11. Bf4 e5 12. Nc3 exf4 13. Bxf7+ Kd8 14. Rfd1 fxg3 15. hxg3 Bc5 16. Rf1 Qxg3+ 17. Kh1 Qh3+ 18. Kg1 Nd4 19. Qd3 Nxf3+ 20. Qxf3 Qh2# 0-1

[Event "GER-ch U12 Girls"]
[Site "Willingen"]
[Date "2016.05.16"]
[Round "4"]
[White "Visvikis, Kassandra"]
[Black "Schwegler, Jelena"]
[Result "1-0"]
[WhiteElo "1350"]
[BlackElo "912"]
[PlyCount "123"]
[EventDate "2016.05.15"]
[EventType "swiss"]
[EventRounds "11"]
[EventCountry "GER"]
[SourceTitle "CBM 172 Extra"]
[Source "ChessBase"]
[SourceDate "2016.06.21"]
[SourceVersion "1"]
[SourceVersionDate "2016.06.21"]
[SourceQuality "1"]

1. e4 e5 2. Nf3 Nc6 3. Bc4 Bc5 4. d3 d6 5. h3 h6 6. Nc3 Nf6 7. Be3 Nd4 8. Na4 Nxf3+ 9. Qxf3 Bb6 10. Nc3 Be6 11. Bb3 Qe7 12. 0-0 Ba5 13. Ne2 a6 14. Ng3 0-0-0 15. c3 g5 16. Bxe6+ fxe6 17. Qe2 Qf7 18. Rfe1 Rdg8 19. f3 Qh7 20. Kf2 h5 21. Rg1 g4 22. h4 d5 23. b4 Bb6 24. Bxb6 cxb6 25. Ke1 Rf8 26. Kd2 Qh6+ 27. Qe3 Qxe3+ 28. Kxe3 Rd8 29. Ne2 Rhf8 30. f4 exf4+ 31. Nxf4 e5 32. Ne6 d4+ 33. cxd4 exd4+ 34. Ke2 g3 35. Nxf8 Rxf8 36. Rgf1 Kd7 37. e5 Kd8 38. Rxf6 Rxf6 39. exf6 Ke8 40. Rf1 Kf7 41. Rf4 a5 42. bxa5 bxa5 43. Rxd4 Kxf6 44. Rd7 b6 45. Rd6+ Ke5 46. Rxb6 Kd4 47. Rc6 a4 48. Rc4+ Kd5 49. Rxa4 Kc5 50. Ke3 Kd5 51. Rc4 Ke6 52. a4 Kd6 53. a5 Ke5 54. a6 Kd5 55. a7 Kd6 56. a8Q Ke6 57. Qe4+ Kd6 58. Rd4+ Kc5 59. Qe5+ Kc6 60. Rd6+ Kc7 61. Qe7+ Kc8 62. Rd8# 1-0